| 000 | 00430cam a22001337a 4500 | ||
|---|---|---|---|
| 008 | 180718b1972 xxu||||| |||| 00| 0 eng d | ||
| 082 | _aP000x54 P916 | ||
| 100 | _aPremi, Mahendra Kumar | ||
| 245 |
_aEducational planning in India: implecations of population trends _cby Mahendra Kumar Premi |
||
| 260 |
_aNew Delhi _bSterling _c1972 |
||
| 300 | _a284p. | ||
| 650 | _aPopulation forecasting | ||
| 650 | _aEducational planning --India | ||
| 999 |
_c351769 _d351769 |
||